Statystyki dla Flagi powiatów województwa lubuskiego

Kliknij tutaj aby rozwiązać quiz!

Ogólne statystyki

  • Ten quiz został rozwiązany 28 razy
  • Średni wynik to 10 z 14

Statystyki odpowiedzi

Odpowiedź% Poprawnych
nowosolski
81%
żarski
81%
Zielona Góra
81%
słubicki
76%
gorzowski
71%
Gorzów Wielkopolski
71%
międzyrzecki
67%
świebodziński
67%
wschowski
67%
żagański
67%
zielonogórski
67%
krośnieński
62%
sulęciński
62%
strzelecko-drezdenecki
57%

Rozkład punktacji

Percentyl według liczby udzielonych odpowiedzi

Procent ludzi z każdym wynikiem

Twoja historia wyników

Nie rozwiązałeś tego quizu